Garantías y proceso penal /
Contiene: La garantía de la libertad; La garantía de inviolabilidad del domicilio; La garantía de un auto de formal prisión; La garantía de litis cerrada; La garantía de libertad bajo caución; La garantía de no autoincriminarse; La garantía de defensa; La garantía de ser juzgado por jurado y la gara...
Shranjeno v:
| Glavni avtor: | |
|---|---|
| Drugi avtorji: | |
| Format: | Knjiga |
| Jezik: | španščina |
| Izdano: |
México :
Porrúa,
1991, c1991
|
| Izdaja: | 5a edición |
| Teme: | |
| Oznake: |
Brez oznak, prvi označite!
|
MARC
| LEADER | 00000nam^a2200000^a^4500 | ||
|---|---|---|---|
| 001 | 000133058 | ||
| 005 | 20250521000000.0 | ||
| 009 | 20260310095118.949 | ||
| 020 | |a 968-432-978-4 | ||
| 037 | |a Acervo ITESO - Biblioteca | ||
| 041 | |a ESP | ||
| 082 | |a 345. 72056 |b ZAM | ||
| 100 | |a Zamora-Pierce, Jesús |e (autor) | ||
| 245 | 1 | 0 | |a Garantías y proceso penal / |c J. Zamora-Pierce ; pról. de C. Porte Petit Candaudap. |
| 250 | |a 5a edición |b aumentada | ||
| 264 | 4 | |a México : |b Porrúa, |c 1991, c1991 | |
| 300 | |a XXXI, 575 p. | ||
| 336 | |a texto |b txt |2 rdacontenido | ||
| 337 | |a sin mediación |b n |2 rdamedio | ||
| 338 | |a volumen |b nc |2 rdasoporte | ||
| 520 | |a Contiene: La garantía de la libertad; La garantía de inviolabilidad del domicilio; La garantía de un auto de formal prisión; La garantía de litis cerrada; La garantía de libertad bajo caución; La garantía de no autoincriminarse; La garantía de defensa; La garantía de ser juzgado por jurado y la garantía de ser juzgado en audiencia pública; La garantía de brevedad y su conflicto con la garantía de defensa; La garantía de límite de instancias; La garantía de non bis in idem; Los tratados internacionales y las garantías del procesado penal; La presunción de inocencia. | ||
| 649 | |a XX | ||
| 650 | |a Garantías Individuales - |z México | ||
| 650 | |a Proceso Penal - |z México | ||
| 650 | |a Derecho Procesal Penal - |z México | ||
| 650 | |a Derecho Penal - |z México | ||
| 650 | |a Derecho Público - |z México | ||
| 700 | |a Porte Petit Candaudap, Celestino |e (prólogo) | ||
| 910 | |a Fondo General | ||
| 920 | |a Impresos - Libros | ||
| 930 | |a Colección General | ||
| 905 | |a 101 | ||
| 901 | |a 0500063210 |b IT1 |c ACC |u 20250521 | ||
| 902 | |a https://opac.biblio.iteso.mx/vufind/Record/000133058 | ||